| 000 | 00528nam a2200133Ia 4500 | ||
|---|---|---|---|
| 005 | 20260209120147.0 | ||
| 008 | 260209s9999||||xx |||||||||||||| ||und|| | ||
| 100 | _aM P Rannika | ||
| 245 | 0 | _aDisparity in the rights of the accused to that of the witness way forward for witness protection | |
| 260 |
_aBangaloreBangalore _bNLSIU, Bangalore _c2023 |
||
| 300 | _a49 p. ; 25 cm. | ||
| 700 | _aDr. Preeti Pratishruti – Supervisor Dr. Preeti Pratishruti – Supervisor | ||
| 856 | _uhttps://dans.nls.ac.in/handle/123456789/1203 | ||
| 999 |
_c217597 _d217597 |
||